| 000 | 00751nam a2200205Ia 4500 | ||
|---|---|---|---|
| 003 | GCL | ||
| 008 | 140319s9999 xx 000 0 ara d | ||
| 040 |
_aGCL / _cGCL |
||
| 082 | 0 | 4 |
_a810.9 _bا ت |
| 100 | 1 | _aاحمد الفاضل | |
| 245 | 1 | 0 |
_aتاريخ و عصور الادب العربى : _bنصوص مختارة مع التحليل / _cاحمد الفاضل |
| 250 | _aالاولى | ||
| 260 |
_aبيروت : _bدار الفكر اللبنانى ، _c2003 |
||
| 300 |
_a656 ص ؛ _c24 سم |
||
| 490 |
_aالموسوعة الادبية _v0 |
||
| 650 | 0 | 4 | _aالشعر العربى - تاريخ ونقد |
| 650 | 0 | 4 | _aالادب العربى - تاريخ ونقد |
| 650 | 0 | 4 | _aالادب العربى - مجموعات |
| 942 |
_2ddc _cBK |
||
| 999 |
_c56966 _d56966 |
||